Statistics for Metrostations Rotterdam

Click here to take the quiz!

General Stats

  • This quiz has been taken 225 times
  • The average score is 64 of 122

Answer Stats

A% Correct
Rotterdam Centraal
90%
Beurs
87%
Blaak
87%
Den Haag Centraal
80%
Stadhuis
75%
Slinge
71%
De Akkers
70%
Zuidplein
70%
Schiedam Centrum
68%
Wilhelminaplein
68%
Kralingse Zoom
67%
Alexander
66%
Oostplein
62%
Leuvehaven
59%
Blijdorp
58%
Maashaven
58%
Rijnhaven
58%
Capelsebrug
57%
Eendrachtsplein
57%
Gerdesiaweg
57%
Nesselande
57%
De Terp
56%
Hoek van Holland Haven
55%
Delfshaven
54%
Laan van NOI
54%
Hoek van Holland Strand
52%
Pernis
51%
Spijkenisse Centrum
51%
Marconiplein
50%
Rhoon
50%
Binnenhof
49%
Coolhaven
49%
Voorschoterlaan
49%
Dijkzigt
48%
Pijnacker Centrum
48%
Hoogvliet
47%
Vlaardingen Centrum
46%
Vlaardingen West
46%
Pijnacker Zuid
44%
Nootdorp
43%
Rodenrijs
43%
Vlaardingen Oost
43%
Prinsenlaan
42%
Schenkel
41%
Meijersplein
39%
Melanchtonweg
39%
Oosterflank
39%
Poortugaal
39%
Tussenwater
39%
Graskruid
38%
Maassluis Centrum
38%
Maassluis West
38%
Zalmplaat
38%
Capelle Centrum
37%
Berkel Westpolder
36%
Steendijkpolder
36%
Forepark
34%
Leidschenveen
34%
Voorburg 't Loo
34%
Vijfsluizen
33%
Leidschendam-Voorburg
32%
Parkweg
32%
Troelstralaan
32%
Schiedam Nieuwland
31%
Heemraadlaan
30%
De Tochten
29%
Romeynshof
29%
Hesseplaats
27%
Slotlaan
27%
Nieuw Verlaat
23%
Ambachtsland
21%

Score Distribution

Percentile by Number Answered

Percent of People with Each Score

Your Score History

You have not taken this quiz